[Event "Continental op 45'"]
[Site "Los Angeles"]
[Date "2000.07.30"]
[Round "8"]
[White "Steinfl, Alessandro"]
[Black "Evans, Bela"]
[Result "1-0"]
[WhiteElo "2281"]
[BlackElo "2323"]
[PlyCount "77"]
[EventDate "2000.07.24"]
[EventType "swiss"]
[EventRounds "9"]
[EventCountry "USA"]
[SourceTitle "EXT 2001"]
[Source "ChessBase"]
[SourceDate "2000.11.22"]
[SourceVersion "1"]
[SourceVersionDate "2000.11.22"]
[SourceQuality "1"]

1. d4 f5 2. Bg5 g6 3. Nc3 d5 4. e3 c6 5. h4 Bg7 6. Nf3 Be6 7. Bd3 Nf6 8. Bxf6 Bxf6 9. Ne2 Qb6 10. Rb1 Nd7 11. h5 0-0-0 12. b4 Bf7 13. a4 a6 14. Qd2 e5 15. dxe5 Nxe5 16. Nxe5 Bxe5 17. 0-0 Bb8 18. Nd4 Qc7 19. g3 Rde8 20. Rfe1 Re5 21. Nf3 Re4 22. b5 axb5 23. axb5 c5 24. b6 Qe7 25. Rb5 Rg8 26. Qa5 Bd6 27. Qa8+ Bb8 28. Ra1 Re6 29. Ra7 Be8 30. Rxb7 Qxb7 31. Rxc5+ Rc6 32. Ba6 Rg7 33. h6 Re7 34. Bxb7+ Rxb7 35. Rxc6+ Bxc6 36. Qa1 Rxb6 37. Qh8+ Kb7 38. Qxh7+ Ka6 39. Nd4 1-0

[Event "Continental op 45'"]
[Site "Los Angeles"]
[Date "2000.07.28"]
[Round "4"]
[White "Evans, Bela"]
[Black "Casella, Michael"]
[Result "1-0"]
[WhiteElo "2323"]
[BlackElo "2367"]
[PlyCount "121"]
[EventDate "2000.07.24"]
[EventType "swiss"]
[EventRounds "9"]
[EventCountry "USA"]
[SourceTitle "EXT 2001"]
[Source "ChessBase"]
[SourceDate "2000.11.22"]
[SourceVersion "1"]
[SourceVersionDate "2000.11.22"]
[SourceQuality "1"]

1. Nf3 Nf6 2. g3 g6 3. Bg2 Bg7 4. d4 d5 5. 0-0 0-0 6. Nbd2 Bf5 7. c4 dxc4 8. Nh4 Bc8 9. Nxc4 Nc6 10. e3 Be6 11. b3 Bd5 12. Nf3 a5 13. Bb2 Qc8 14. Re1 Rd8 15. Qe2 h6 16. Bf1 Qg4 17. Nfd2 Qe6 18. f3 h5 19. Na3 Nh7 20. Nc2 Qc8 21. Nc4 Be6 22. Qf2 Ng5 23. Kh1 Bh3 24. Bxh3 Qxh3 25. Rf1 Qd7 26. a4 Qe8 27. Rad1 Rd7 28. h4 Nh7 29. Rd2 Rad8 30. Rfd1 e6 31. e4 Nf6 32. N4e3 Ne7 33. Ba3 Bh6 34. Bxe7 Qxe7 35. e5 Ne8 36. f4 Bf8 37. Rg1 c5 38. d5 exd5 39. g4 Ng7 40. Qg3 d4 41. Nc4 hxg4 42. Qxg4 Kh7 43. h5 Qe6 44. hxg6+ fxg6 45. Rh2+ Kg8 46. Qxe6+ Nxe6 47. Rxg6+ Ng7 48. Ne1 d3 49. Rd2 Be7 50. f5 Kf7 51. e6+ Nxe6 52. fxe6+ Kxg6 53. exd7 Kf5 54. Rxd3 Ke6 55. Ng2 Bg5 56. Nb6 Rh8+ 57. Kg1 Bd8 58. Nf4+ Kf5 59. Nfd5 Rh6 60. Rf3+ Ke5 61. Rf8 1-0

[Event "Continental op 45'"]
[Site "Los Angeles"]
[Date "2000.07.28"]
[Round "5"]
[White "Reefat, Bin Sattar"]
[Black "Evans, Bela"]
[Result "1-0"]
[WhiteElo "2467"]
[BlackElo "2323"]
[PlyCount "53"]
[EventDate "2000.07.24"]
[EventType "swiss"]
[EventRounds "9"]
[EventCountry "USA"]
[SourceTitle "EXT 2001"]
[Source "ChessBase"]
[SourceDate "2000.11.22"]
[SourceVersion "1"]
[SourceVersionDate "2000.11.22"]
[SourceQuality "1"]

1. e4 c5 2. Nf3 d6 3. d4 cxd4 4. Nxd4 Nf6 5. Nc3 Nc6 6. Bc4 Qb6 7. Nb3 e6 8. Bf4 Ne5 9. Be2 Bd7 10. a4 a6 11. a5 Qc7 12. 0-0 Be7 13. Bg3 Rc8 14. Nd2 g5 15. f4 gxf4 16. Rxf4 h5 17. h3 Ng6 18. Rxf6 Bxf6 19. Nc4 Bxc3 20. bxc3 e5 21. Nxd6+ Ke7 22. Nxc8+ Rxc8 23. Bxh5 Qxc3 24. Kh2 Qxc2 25. Bxg6 fxg6 26. Bh4+ Ke6 27. Qd5# 1-0